[Event "KB Czech Open"]
[Site "Pardubice CZE"]
[Date "2000.07.25"]
[Round "5"]
[White "Voloshin,L"]
[Black "Thielsch,N"]
[Result "1-0"]
[WhiteElo "2455"]
[BlackElo "2313"]

1.c4 Nf6 2.Nc3 g6 3.e4 d6 4.d4 Bg7 5.Be2 O-O 6.Nf3 e5 7.O-O Nc6 8.d5 Ne7
9.Bg5 h6 10.Bxf6 Bxf6 11.b4 Bg7 12.c5 f5 13.Nd2 fxe4 14.Ndxe4 Nf5 15.a4 h5
16.a5 Bh6 17.Ra3 Nd4 18.Nb5 Nxe2+ 19.Qxe2 a6 20.Nbc3 Bg4 21.f3 Bf5 22.Re1 Kg7
23.b5 Bxe4 24.Nxe4 dxc5 25.bxa6 bxa6 26.Qc4 Kh8 27.Qxc5 Qd7 28.Rd3 Qb5 29.Red1 Qxc5+
30.Nxc5 Rfd8 31.Ne6 Rd7 32.Re3 Ra7 33.Kf1 Kg8 34.Rb3 Ra8 35.Ke2 Bf8 36.Rb7 Bd6
37.Rdb1 Kf7 38.Ng5+ Ke8 39.Ne4 Be7 40.Nc3 Bf6 41.Kd3 Rc8 42.Kc4 Be7 43.Rb8 Rdd8
44.Rxc8 Rxc8 45.Ne4 Kd7 46.Rb7 Rf8 47.Ra7 g5 48.Rxa6 g4 49.fxg4 Rf4 50.Kd3 Rxg4
51.g3 h4 52.Rc6 hxg3 53.hxg3 Rg8 54.a6 Rf8 55.Ke2 Rb8 56.Rc2 Ra8 57.Ra2 Ra7
58.g4 c6 59.d6 Bd8 60.Kd3 Bb6 61.Kc4 Ke6 62.Ra3 Bd4 63.Rf3 Rxa6 64.Rf6+ Kd7
65.Rf7+ Ke8 66.d7+ Kd8 67.Nf6 Bb6 68.g5 Kc7 69.g6 Ra8 70.g7  1-0

[Event "MTO Open"]
[Site "Biel SUI"]
[Date "2000.07.26"]
[Round "3"]
[White "Suter,S"]
[Black "Tillmann,M"]
[Result "0-1"]
[WhiteElo "2077"]
[BlackElo "2134"]

1.c4 Nf6 2.Nc3 d6 3.d4 g6 4.e4 Bg7 5.Nf3 O-O 6.Be2 e5 7.O-O Nc6 8.d5 Ne7
9.Ne1 Nd7 10.Be3 f5 11.f3 f4 12.Bf2 g5 13.a4 Ng6 14.a5 Rf7 15.Nb5 Nf6 16.Nxa7 g4
17.Nxc8 g3 18.hxg3 fxg3 19.Bxg3 Nh5 20.Bf2 Ngf4 21.Na7 Qg5 22.Kh2 Rf6 23.Rh1 Ng3
24.Bxg3 Rh6+ 25.Kg1 Qxg3 26.Nb5 Rf8 27.Bf1 Rff6  0-1

[Event "KB Czech Open"]
[Site "Pardubice CZE"]
[Date "2000.07.26"]
[Round "6"]
[White "Dobrov,V"]
[Black "Stryjecki,M"]
[Result "0-1"]
[WhiteElo "2339"]
[BlackElo "2405"]

1.d4 Nf6 2.c4 g6 3.Nc3 Bg7 4.e4 d6 5.Be2 O-O 6.Nf3 e5 7.O-O Nc6 8.d5 Ne7
9.b4 Nh5 10.Re1 f5 11.Ng5 Nf6 12.Bf3 c6 13.Be3 f4 14.Bc1 h6 15.Ne6 Bxe6 16.dxe6 Nc8
17.c5 Qe7 18.Qb3 Re8 19.cxd6 Nxd6 20.Bxf4 exf4 21.e5 Qxe6 22.exd6 Qxb3 23.axb3 Rad8
24.Red1 Nh7 25.Rd3 Bxc3 26.Rxc3 Rxd6 27.g3 a6 28.gxf4 Rf8 29.b5 axb5 30.Ra7 Rf7
31.Re3 Nf6 32.Kg2 Kg7 33.Kg3 Rd4 34.h4 h5 35.Re5 Nd7 36.Rg5 Rdxf4 37.Bxh5 Nf8
38.Bg4 Rxf2 39.Rxb7 Rb2 40.Rxf7+ Kxf7 41.Rc5 Rxb3+ 42.Kf2 Rb4 43.Bf3 Rxh4
44.Bxc6 b4 45.Ke3 Ke7 46.Rb5 Rh3+ 47.Bf3 Ne6 48.Rb7+ Kf6 49.Rxb4 Ng5 50.Rb6+ Kg7
51.Kf4 Nxf3 52.Kg4 Ng1 53.Rb1 Rh1 54.Rb7+ Kh6 55.Rb1 Rh5 56.Rb8 Rg5+ 57.Kh4 Nf3+
58.Kh3 Rf5 59.Kg4 Ne5+ 60.Kg3 Rf3+ 61.Kg2 Re3 62.Kf2 Ng4+ 63.Kg2 Kg5 64.Rc8 Nf6
65.Kf2 Ra3 66.Rc4 Kf5 67.Rb4 g5 68.Rb5+ Kf4 69.Rb4+ Ne4+ 70.Kg2 Ra2+ 71.Kg1 g4
72.Rb8 Ng5 73.Rg8 Kg3  0-1

[Event "KB Czech Open"]
[Site "Pardubice CZE"]
[Date "2000.07.27"]
[Round "7"]
[White "Gurevich,M"]
[Black "Stryjecki,M"]
[Result "1-0"]
[WhiteElo "2667"]
[BlackElo "2405"]

1.d4 Nf6 2.c4 g6 3.Nc3 Bg7 4.e4 d6 5.Nf3 O-O 6.Be2 e5 7.O-O Nc6 8.d5 Ne7
9.Nd2 a5 10.a3 Bd7 11.b3 c6 12.Ra2 Qb6 13.Rc2 Ne8 14.dxc6 Nxc6 15.Nd5 Qd8
16.Nf3 Bg4 17.Bg5 f6 18.Be3 f5 19.Bg5 Nf6 20.exf5 gxf5 21.Rd2 Bxf3 22.Bxf3 Nd4
23.Re1 Kh8 24.Rxd4 exd4 25.g3 Rb8 26.Qd3 b5 27.cxb5 Qd7 28.Bxf6 Bxf6 29.Nxf6 Rxf6
30.Qxd4 Kg7 31.a4 Qc7 32.b4 axb4 33.Qxb4 f4 34.g4 h5 35.g5 Rf5 36.h4 Re5
37.Rd1 Qd7 38.Kg2 Rbe8 39.Rxd6 Qe7 40.Qd4 Kg8 41.Rg6+ Kh7 42.Qd3  1-0

[Event "MTO Open"]
[Site "Biel SUI"]
[Date "2000.07.30"]
[Round "6"]
[White "Toth,Ch"]
[Black "Volokitin,A"]
[Result "0-1"]
[WhiteElo "2377"]
[BlackElo "2447"]

1.d4 Nf6 2.c4 g6 3.Nc3 Bg7 4.e4 d6 5.Nf3 O-O 6.Be2 e5 7.O-O Nc6 8.d5 Ne7
9.b4 Nh5 10.Re1 f5 11.Ng5 Nf6 12.Be3 h6 13.Ne6 Bxe6 14.dxe6 fxe4 15.Qb3 c6
16.Rad1 Nf5 17.Qb1 Qe7 18.Nxe4 Qxe6 19.g4 Nxe4 20.Qxe4 Ne7 21.Qg2 e4 22.f3 Bc3
23.Rf1 exf3 24.Rxf3 Rxf3 25.Qxf3 Rf8 26.Qh3 Bxb4 27.Qxh6 Bc5 28.Rd3 Qxc4
29.Qg5 Qc1+ 30.Kg2 Qc2  0-1

[Event "MTO Open"]
[Site "Biel SUI"]
[Date "2000.07.31"]
[Round "7"]
[White "Handke,F"]
[Black "Saravanan,V"]
[Result "0-1"]
[WhiteElo "2455"]
[BlackElo "2412"]

1.d4 Nf6 2.c4 g6 3.Nc3 Bg7 4.e4 d6 5.Nf3 O-O 6.Be2 e5 7.O-O Nc6 8.d5 Ne7
9.b4 Nh5 10.Re1 Nf4 11.Bf1 a5 12.bxa5 Rxa5 13.a4 c5 14.Ra3 Ra6 15.Nb5 Bd7
16.Nd2 Qc8 17.Bb2 g5 18.Qa1 Neg6 19.Kh1 h5 20.Qd1 Bg4 21.f3 Bd7 22.g3 Nh3
23.Qe2 f6 24.Bg2 Bh6 25.Nf1 h4 26.Ne3 hxg3 27.hxg3 g4 28.Bxh3 gxh3 29.f4 exf4
30.Qh5 fxe3 31.Qxh6 Be8 32.Raxe3 Qg4 33.Nc7 Ra7 34.a5 Bd7 35.Ne6 Rf7 36.Nf4 Nxf4
37.Qxf4 Rxa5 38.Qxd6 Ra2 39.Bxf6 Ra6 40.Qb8+ Rf8 41.Qf4 Raxf6 42.Qxg4+ Bxg4
43.e5 Rf1+ 44.Rxf1 Rxf1+ 45.Kh2 Rf2+ 46.Kh1 Bf3+ 47.Kg1 Rg2+ 48.Kh1 Bg4 49.e6 Re2
50.Rb3 Bf5 51.e7 Be4+ 52.Kg1 h2+ 53.Kf1 h1=Q+ 54.Kxe2 Kf7  0-1

[Event "Eikrem mem"]
[Site "Gausdal NOR"]
[Date "2000.07.31"]
[Round "2"]
[White "Christenson,F"]
[Black "Lobzhanidze,D"]
[Result "0-1"]
[WhiteElo "2193"]
[BlackElo "2493"]

1.d4 Nf6 2.Nf3 g6 3.c4 Bg7 4.Nc3 O-O 5.e4 d6 6.Be2 e5 7.O-O Nc6 8.d5 Ne7
9.b4 Nh5 10.g3 f5 11.Ng5 Nf6 12.Bf3 Kh8 13.b5 fxe4 14.Ncxe4 Nf5 15.Bb2 h6
16.Nxf6 Qxf6 17.Ne4 Qf7 18.Bg2 g5 19.Qd2 Bd7 20.a4 Qg6 21.c5 Nd4 22.Bxd4 exd4
23.cxd6 cxd6 24.Qb4 Be5 25.Nd2 Bf5 26.Nf3 Qf6 27.Rad1 Bg4 28.Rd3 Rac8 29.Nxd4 Bxd4
30.Rxd4 Be2 31.Qd2 Bxf1 32.Bxf1 Rc2 33.Qxc2 Qxd4 34.Bg2 Qa1+ 35.Bf1 Qd4 36.Bg2 b6
37.h3 Rf7 38.Qg6 Qxf2+ 39.Kh2 Qf6 40.Qc2 Kg7 41.Qd2 Qe5 42.Qc2  0-1

[Event "FIDE World Cup Gp B"]
[Site "Shenyang CHN"]
[Date "2000.08.01"]
[Round "1"]
[White "Xu Jun"]
[Black "Ponomariov,R"]
[Result "1/2-1/2"]
[WhiteElo "2668"]
[BlackElo "2630"]

1.c4 Nf6 2.Nf3 g6 3.Nc3 Bg7 4.e4 d6 5.d4 O-O 6.Be2 e5 7.O-O Nc6 8.d5 Ne7
9.b4 Nh5 10.Re1 f5 11.Ng5 Nf6 12.Bf3 c6 13.Be3 cxd5 14.cxd5 h6 15.Ne6 Bxe6
16.dxe6 fxe4 17.Nxe4 Nxe4 18.Bxe4 d5 19.Bc2 b6 20.Qg4 e4 21.Rad1 Qc7 22.Bb3 Rf5
23.Re2 h5 24.Qh4 Bf6 25.Qg3 Be5 26.Qh4 Bf6 27.Qg3 Be5 28.Qh4 Bf6  1/2-1/2

[Event "MTO Open"]
[Site "Biel SUI"]
[Date "2000.08.02"]
[Round "9"]
[White "Tukmakov,V"]
[Black "Tseitlin,Ma"]
[Result "1/2-1/2"]
[WhiteElo "2582"]
[BlackElo "2445"]

1.Nf3 Nf6 2.c4 g6 3.Nc3 Bg7 4.e4 d6 5.d4 O-O 6.Be2 e5 7.O-O Nc6 8.d5 Ne7
9.b4 Nh5 10.Qb3 Nf4 11.Bxf4 exf4 12.Rad1 h6 13.c5 g5 14.e5 g4 15.exd6 cxd6
16.Nd4 Ng6 17.Ne6 fxe6 18.dxe6 d5 19.Bxg4 Bxc3 20.Rxd5 Qf6 21.Rd3 Re8 22.Qxc3 Qxc3
23.Rxc3 Bxe6 24.Bf3 Rab8 25.g3 Ne5 26.Bh5 Bf7 27.Bxf7+ Kxf7 28.gxf4 Nc6 29.Rb1 Nd4
30.Kf1 Re4 31.b5 Rxf4 32.Rb4 Ke6 33.Rh3 Rbf8 34.Rxh6+ Kd5 35.Rh5+ Ke4 36.Rb2 R8f5
37.Rh7 Rxc5 38.Rxb7 Rc1+ 39.Kg2 Rg4+ 40.Kh3 Rg8 41.Re7+ Kf5 42.Rb4 Kf6 43.Re4 Nf5
44.Rg4 Rh8+ 45.Kg2 Rc2 46.Rb3 Rxa2 47.b6 Rb8 48.b7 Ra6 49.Rc4 Nd6 50.Rc7 Ra5
51.h4 Rb5 52.Rf3+ Ke6 53.Re3+ Re5 54.Ra3 a5 55.Rg3 Nxb7 56.Rg6+ Kd5 57.f4 Re2+
58.Kf3 Rb2 59.h5 a4 60.h6 a3 61.h7 a2 62.Ra6 Nd6 63.Rd7 Kc5 64.Rc7+ Kb4 65.Rca7 Nb5
66.Ra8 Rxa8 67.Rxa8 Rh2 68.Rxa2 Rxh7  1/2-1/2

[Event "MTO Open"]
[Site "Biel SUI"]
[Date "2000.08.04"]
[Round "11"]
[White "Kuemin,S"]
[Black "Balcerak,P"]
[Result "1/2-1/2"]
[WhiteElo "2259"]
[BlackElo "2110"]

1.d4 Nf6 2.c4 g6 3.Nc3 Bg7 4.e4 d6 5.Nf3 O-O 6.Be2 e5 7.O-O Nc6 8.d5 Ne7
9.b4 Nh5 10.Re1 c6 11.a4 cxd5 12.cxd5 Nf4 13.Bf1 h6 14.Nd2 g5 15.Nc4 f5 16.Ba3 g4
17.Qb3 Rf6 18.b5 Kh8 19.Bb4 Bf8 20.Qa3  1/2-1/2

[Event "MTO Open"]
[Site "Biel SUI"]
[Date "2000.08.04"]
[Round "11"]
[White "Schaufelberger,H"]
[Black "Pahud,C"]
[Result "1-0"]
[WhiteElo "2264"]
[BlackElo "2103"]

1.Nf3 Nf6 2.c4 g6 3.Nc3 Bg7 4.e4 d6 5.d4 O-O 6.Be2 e5 7.O-O Nc6 8.d5 Ne7
9.Nd2 a5 10.b3 c5 11.a3 Ne8 12.Rb1 f5 13.b4 axb4 14.axb4 b6 15.Re1 Nf6 16.Qb3 Kh8
17.bxc5 bxc5 18.Qb6 Neg8 19.Qxd8 Rxd8 20.f3 Bh6 21.Nb3 Bd7 22.exf5 Bxf5 23.Rb2 Bxc1
24.Rxc1 h5 25.Nb5 Nh6 26.Nd2 Kg7 27.Nf1 Bc8 28.Bd3 Nf7 29.Ne3 Rd7 30.Rbb1 Rb7
31.Nd1 Bd7 32.Ndc3 Bxb5 33.Nxb5 Ra4 34.Ra1 Rb4 35.Rcb1 Rxb1+ 36.Bxb1 Nd7
37.Bd3 Nb8 38.h4 Rb6 39.Ra7 Na6 40.Re7 Nb4 41.Be4 Kf8 42.Re6 g5 43.Bg6 gxh4
44.Bxh5 Ng5 45.Rf6+ Ke7 46.Rg6  1-0

[Event "MTO Open"]
[Site "Biel SUI"]
[Date "2000.08.04"]
[Round "11"]
[White "Mantzouneas,N"]
[Black "Tillmann,M"]
[Result "0-1"]
[WhiteElo "2037"]
[BlackElo "2134"]

1.d4 Nf6 2.Nf3 g6 3.c4 Bg7 4.Nc3 O-O 5.e4 d6 6.Be2 e5 7.O-O Nc6 8.d5 Ne7
9.Ne1 Ne8 10.b4 f5 11.Nd3 Nf6 12.f3 f4 13.g4 fxg3 14.hxg3 Nh5 15.Kh2 Qd7
16.Nf2 Kh8 17.Be3 Ng8 18.c5 Qe7 19.cxd6 cxd6 20.Rh1 Bh6 21.Qd2 g5 22.Ng4 Bxg4
23.fxg4 Nf4 24.Bf3 Nd3 25.Be2 Nxb4 26.Kg2 Qf6 27.Rh5 Na6 28.Rah1 Rf7 29.Rf1 Qg6
30.Rxf7 Qxf7 31.Bxg5 Bxg5 32.Rxg5 Nc5 33.Rf5 Qe7 34.g5 Qd7 35.Qe3 Ne7 36.Rf7 Nxd5
37.Qf3 Nf4+ 38.Rxf4 exf4 39.gxf4 Ne6 40.Nd5 Rc8 41.Qh5 Rc2 42.g6 Qg7 43.f5 Nd4
44.Nf4 Nxe2 45.Nxe2 Kg8 46.Kf3 hxg6 47.fxg6 Rc5 48.Qg4 Qf6+ 49.Ke3 Qg5+  0-1

[Event "MTO Open"]
[Site "Biel SUI"]
[Date "2000.08.04"]
[Round "11"]
[White "Rashkovsky,N"]
[Black "Saravanan,V"]
[Result "1/2-1/2"]
[WhiteElo "2508"]
[BlackElo "2412"]

1.d4 Nf6 2.Nf3 g6 3.c4 Bg7 4.Nc3 O-O 5.e4 d6 6.Be2 e5 7.O-O Nc6 8.d5 Ne7
9.b4 Nh5 10.Re1 Nf4 11.Bf1 a5 12.bxa5 Rxa5 13.a4 c5 14.Ra3 Ra6 15.Nb5 Bd7
16.h3 h6 17.Kh2 Qc8 18.Ng1 g5 19.Ne2 Nxe2 20.Bxe2 f5 21.exf5 Nxf5 22.Bg4 Nd4
23.Kg1 Bf5 24.Ra2 Qd7 25.Be3 Qf7 26.Bxd4 cxd4 27.Bxf5 Qxf5 28.Nc7 Rb6 29.Nb5  1/2-1/2

[Event "ch-GBR"]
[Site "Millfield ENG"]
[Date "2000.08.04"]
[Round "5"]
[White "Summerscale,A"]
[Black "Hebden,M"]
[Result "0-1"]
[WhiteElo "2459"]
[BlackElo "2505"]

1.d4 Nf6 2.c4 g6 3.Nc3 Bg7 4.e4 d6 5.Nf3 O-O 6.Be2 e5 7.O-O Nc6 8.d5 Ne7
9.Ne1 Nd7 10.Be3 f5 11.f3 f4 12.Bf2 g5 13.a4 a6 14.a5 Rf6 15.Na4 Rh6 16.c5 Qe8
17.Kh1 Qh5 18.Bg1 Nf6 19.Nd3 Nfxd5 20.Qb3 Kh8 21.cxd6 cxd6 22.Nb6 Nxb6 23.Qxb6 Qe8
24.Nb4 d5 25.Qc7 d4 26.Rfc1 Bd7 27.Nd5 Nxd5 28.exd5 Rb8 29.Bd3 Bf8 30.Be4 Bd6
31.Qb6 Qd8 32.Qb3 g4 33.fxg4 Bxg4 34.Rc2 Qg5 35.Rac1 Bf5 36.Qd3 Rf8 37.Re1 Rhf6
38.Bf2 f3 39.gxf3 Bxe4 40.Qxe4 Rf4 41.Rg1 Qh5 42.Qe2 Qxf3+ 43.Qxf3 Rxf3 44.Bg3 d3
45.Rc3 h5 46.Kg2 h4 47.Bxh4 e4 48.Rd1 Rg8+ 49.Kh1 e3 50.Rcxd3 e2  0-1

[Event "HZ Open"]
[Site "Vlissingen NED"]
[Date "2000.08.05"]
[Round "9"]
[White "Mikhalevski,V"]
[Black "David,Alb"]
[Result "1/2-1/2"]
[WhiteElo "2532"]
[BlackElo "2487"]

1.d4 Nf6 2.c4 g6 3.Nc3 Bg7 4.e4 d6 5.Be2 O-O 6.Nf3 e5 7.O-O Nc6 8.d5 Ne7
9.b4 Nh5 10.Re1 f5 11.Ng5 Nf6 12.Bf3 c6 13.Be3 h6 14.Ne6 Bxe6 15.dxe6 fxe4
16.Nxe4 Nxe4 17.Bxe4 d5 18.cxd5 cxd5 19.Bc2 b6 20.Qg4 e4 21.Rad1 Qc7 22.Bb3 Rf5
23.Re2 Qc3 24.b5 Raf8 25.Rc2 Qe5 26.Rcd2 Rd8 27.Rd4 h5 28.Qe2 Kh7 29.Ra4 Qc7
30.h3 Be5 31.Qc2 Qb8 32.Qd2 Rd6 33.Kh1 Rxe6 34.Rxe4 Ref6 35.Ra4 d4 36.Bxd4 Bxd4
37.Rxd4 Rxf2 38.Qd3 Qe5 39.Re4 Rf1+ 40.Rxf1 Rxf1+ 41.Qxf1 Qxe4 42.Qf7+ Kh6
43.Be6  1/2-1/2

[Event "TCh-ESP"]
[Site "Barcelona ESP"]
[Date "2000.08.07"]
[Round "3"]
[White "Narciso Dublan,M"]
[Black "Pablo Marin,A"]
[Result "1/2-1/2"]
[WhiteElo "2507"]
[BlackElo "2395"]

1.d4 Nf6 2.c4 g6 3.Nc3 Bg7 4.e4 d6 5.Be2 O-O 6.Nf3 e5 7.O-O Nc6 8.d5 Ne7
9.Ne1 Nd7 10.Be3 f5 11.f3 f4 12.Bf2 g5 13.a4 Nf6 14.c5 Ng6 15.cxd6 cxd6 16.a5 Rf7
17.Ra3 Bf8 18.Nb5 Bd7 19.Nxa7 g4 20.Bb6 Qe8 21.fxg4 Nxe4 22.Nf3  1/2-1/2

[Event "TCh-ESP"]
[Site "Barcelona ESP"]
[Date "2000.08.07"]
[Round "3"]
[White "Barrero Garcia,C"]
[Black "Cano Sanchez,J"]
[Result "1-0"]
[WhiteElo "2304"]
[BlackElo "2361"]

1.c4 Nf6 2.Nf3 g6 3.d4 Bg7 4.Nc3 d6 5.e4 O-O 6.Be2 e5 7.O-O Nc6 8.d5 Ne7
9.Nd2 Nd7 10.b4 f5 11.a4 Nf6 12.f3 Nh5 13.c5 Nf4 14.Nc4 a6 15.Ba3 Rf6 16.b5 b6
17.cxb6 cxb6 18.bxa6 Bxa6 19.Nb5 Nc8 20.g3 Nxe2+ 21.Qxe2 Bf8 22.Qc2 Rf7 23.Kh1 h5
24.f4 exf4 25.gxf4 fxe4 26.Qxe4 Qf6 27.Rg1 Kh7 28.Ne3 Re7 29.Qd3 Bb7 30.Nc3 Rxa4
31.Bb2 Rd4 32.Qe2 Rb4 33.Rg3 Bg7 34.f5 Rxb2 35.fxg6+ Kg8 36.Qxh5 Bh8 37.Nf5 Rg7
38.Rf1 Rc7 39.Nh6+ Kf8 40.g7+ Ke7 41.Qf7+  1-0

[Event "4th ch-Arab"]
[Site "Beirut LEB"]
[Date "2000.08.07"]
[Round "3"]
[White "Al Ghasra,A"]
[Black "Kassis,A"]
[Result "1-0"]
[WhiteElo "2205"]
[BlackElo "2196"]

1.d4 Nf6 2.c4 g6 3.Nc3 Bg7 4.e4 d6 5.Nf3 O-O 6.Be2 e5 7.O-O Nc6 8.d5 Ne7
9.b4 a5 10.Ba3 axb4 11.Bxb4 Ne8 12.c5 h6 13.a4 f5 14.Nd2 dxc5 15.Bxc5 Nd6
16.f3 g5 17.Nc4 Ng6 18.Qb3 Rf6 19.Bxd6 cxd6 20.Rfc1 Nf4 21.Bf1 g4 22.fxg4 fxg4
23.Qb6 Qe7 24.Nb5 Bf8 25.Qc7 Qxc7 26.Nxc7 Rb8 27.Ne8 Rg6 28.Nb6 Be6 29.Nc7 Bf7
30.Rab1 g3 31.hxg3 Rxg3 32.Nd7 Rd8 33.Nxf8 Rxf8 34.Rxb7 Ra3 35.Rb4 Rc8 36.Rbc4 Ra2
37.Nb5 Rf8 38.Nxd6 Bh5 39.Nf5 Be2 40.R4c2 Rxc2 41.Rxc2 Bxf1 42.Kxf1 Rb8  1-0

[Event "Open"]
[Site "Chania GRE"]
[Date "2000.08.07"]
[Round "6"]
[White "Ovsejevitsch,S"]
[Black "Koukoufikis,A"]
[Result "1-0"]
[WhiteElo "2526"]
[BlackElo "2181"]

1.d4 g6 2.e4 d6 3.c4 Bg7 4.Nc3 Nf6 5.Nf3 O-O 6.Be2 e5 7.O-O Nc6 8.d5 Ne7
9.Kh1 Ne8 10.a4 c5 11.a5 h6 12.Qa4 Bd7 13.Qa3 Nc7 14.b4 b6 15.Nb5 Bxb5 16.cxb5 Qd7
17.Nd2 f5 18.f3 Rfb8 19.Qd3 cxb4 20.a6 Rf8 21.Nb3 g5 22.Bd2 Ng6 23.g3 Rf7
24.Bxb4 Raf8 25.Nd2 h5 26.exf5 e4 27.Nxe4 Rxf5 28.Bxd6 Bxa1 29.Bxf8 Kxf8
30.Qa3+ Ne7 31.Qxa1 Ncxd5 32.Bc4 Kf7 33.Qh8 Kg6 34.Rd1 Rxf3 35.Bxd5 Qf5 36.Bf7+ Qxf7
37.Rd6+ Kf5 38.Rf6+ Kxe4 39.Rxf7 Rxf7 40.Qxh5  1-0

[Event "ch-GBR"]
[Site "Millfield ENG"]
[Date "2000.08.07"]
[Round "7"]
[White "Crouch,C"]
[Black "Buckley,S"]
[Result "1-0"]
[WhiteElo "2448"]
[BlackElo "2237"]

1.d4 Nf6 2.c4 g6 3.Nc3 Bg7 4.e4 d6 5.Nf3 O-O 6.Be2 e5 7.O-O Nc6 8.d5 Ne7
9.b4 Nh5 10.Re1 f5 11.Ng5 Nf4 12.Bxf4 exf4 13.Rc1 h6 14.Ne6 Bxe6 15.dxe6 Bxc3
16.Rxc3 fxe4 17.Bf1 e3 18.fxe3 f3 19.gxf3 Nf5 20.f4 Qf6 21.Rd3 Qxe6 22.Bg2 c6
23.e4 Ne7 24.Rxd6 Qxc4 25.Qd2 a5 26.Rd7 Rf7 27.Rxb7 axb4 28.Rxb4 Qc5+ 29.Kh1 Rxf4
30.Qxf4 Qxb4 31.Rf1 Qc4 32.Qf6 Re8 33.e5 Kh7 34.e6 Nf5 35.Rxf5 Qxe6 36.Qxe6 Rxe6
37.Rf1 c5 38.Bd5 Ra6 39.Rf7+ Kh8 40.Rc7 Ra5 41.Bc4 g5 42.Kg2 h5 43.Kf3 Ra3+
44.Bb3 Ra5 45.Ke4 h4 46.Bc4 Ra3 47.Kf5 h3 48.Kg6  1-0

[Event "4th ch-Arab"]
[Site "Beirut LEB"]
[Date "2000.08.09"]
[Round "5"]
[White "Hakki,I"]
[Black "Tissir,M"]
[Result "1-0"]
[WhiteElo "2429"]
[BlackElo "2342"]

1.Nf3 Nf6 2.c4 g6 3.Nc3 Bg7 4.e4 d6 5.d4 O-O 6.Be2 e5 7.O-O Nc6 8.d5 Ne7
9.Nd2 c6 10.dxc6 bxc6 11.Nb3 Ne8 12.Bg5 f6 13.Be3 f5 14.f3 Be6 15.Qd2 Nf6
16.Rfd1 fxe4 17.Qxd6 Qxd6 18.Rxd6 Bf5 19.fxe4 Nxe4 20.Nxe4 Bxe4 21.g4 Bf3
22.Bxf3 Rxf3 23.Re1 h5 24.Nd2 Rf7 25.h3 Rb8 26.b3 a5 27.Ne4 a4 28.Rd3 axb3
29.axb3 Nf5 30.gxf5 gxf5 31.Ng5 e4 32.Rd6 Rf6 33.Rxf6 Bxf6 34.Rb1 Rd8 35.Ne6 Rd3
36.Kf2 Be5 37.Ke2 h4 38.Nc5 Rd6 39.Rf1 Rg6 40.Rxf5  1-0

[Event "FSGM August"]
[Site "Budapest HUN"]
[Date "2000.08.09"]
[Round "5"]
[White "Szeberenyi,A"]
[Black "Rajlich,V"]
[Result "1/2-1/2"]
[WhiteElo "2357"]
[BlackElo "2209"]

1.d4 Nf6 2.c4 g6 3.Nc3 Bg7 4.e4 d6 5.Be2 O-O 6.Nf3 e5 7.O-O Nc6 8.d5 Ne7
9.b4 Nh5 10.Re1 Nf4 11.Bf1 a5 12.bxa5 Rxa5 13.Nd2 c5 14.a4 Ra6 15.Ra3 Kh8
16.Nb5 Qd7 17.a5 g5 18.g3 Nh3+ 19.Bxh3 Qxh3 20.Nc7 Ra7 21.Nb5 Ra6 22.Nc7  1/2-1/2

[Event "4th Open"]
[Site "Genova ITA"]
[Date "2000.08.09"]
[Round "4"]
[White "Grigore,G"]
[Black "Di Paolo,R"]
[Result "1/2-1/2"]
[WhiteElo "2508"]
[BlackElo "2295"]

1.d4 Nf6 2.c4 g6 3.Nc3 Bg7 4.e4 d6 5.Be2 O-O 6.Nf3 e5 7.O-O Nc6 8.d5 Ne7
9.Nd2 a5 10.a3 Nd7 11.Rb1 f5 12.b4 Kh8 13.f3 Bh6 14.Qc2 Ng8 15.Nb3 axb4 16.axb4 Ndf6
17.exf5 Bxc1 18.Rbxc1 Bxf5 19.Bd3 Nh5 20.Be4 Qg5 21.Qd2 Nf4 22.Kh1 Qe7 23.Na5 Bc8
24.Ra1 Nf6 25.Rfd1 Qg7 26.c5 g5 27.cxd6 cxd6 28.Nc4 Rxa1 29.Rxa1 Qc7 30.Ne3  1/2-1/2

[Event "TCh-ESP"]
[Site "Barcelona ESP"]
[Date "2000.08.10"]
[Round "6"]
[White "Herraiz Lopez,H"]
[Black "Garcia Luque,A"]
[Result "0-1"]
[WhiteElo "2415"]
[BlackElo "2366"]

1.d4 Nf6 2.c4 g6 3.Nc3 Bg7 4.e4 d6 5.Nf3 O-O 6.Be2 e5 7.O-O Nc6 8.d5 Ne7
9.Bg5 h6 10.Bxf6 Bxf6 11.b4 Kg7 12.c5 Ng8 13.cxd6 cxd6 14.a4 Be7 15.a5 f5
16.Nd2 Nf6 17.Rc1 Bd7 18.Bb5 Rc8 19.Qe2 Nh5 20.Bxd7 Qxd7 21.Qb5 Rc7 22.Qxd7 Rxd7
23.Nb5 Bg5 24.Rfd1 Rff7 25.Nxa7 fxe4 26.h4 Bf4 27.Rc3 Nf6 28.Nc4 Ng4 29.g3 Nxf2
30.Rf1 e3 31.gxf4 exf4 32.Nxe3 Nh3+ 33.Kh2 fxe3 34.Rxf7+ Rxf7 35.Kxh3 e2
36.Re3 Rf3+ 37.Rxf3 e1=Q 38.Nb5 Qe4 39.Kg3 Qxd5 40.Nc7 Qe5+  0-1

[Event "Lost Boys Open"]
[Site "Amsterdam NED"]
[Date "2000.08.12"]
[Round "2"]
[White "Werle,J"]
[Black "David,Alb"]
[Result "0-1"]
[WhiteElo "2311"]
[BlackElo "2487"]

1.Nf3 Nf6 2.c4 g6 3.Nc3 Bg7 4.e4 d6 5.d4 O-O 6.Be2 e5 7.O-O Nc6 8.d5 Ne7
9.b4 Nh5 10.Re1 f5 11.Ng5 Nf6 12.Bf3 c6 13.Be3 h6 14.Ne6 Bxe6 15.dxe6 fxe4
16.Nxe4 Nxe4 17.Bxe4 d5 18.cxd5 cxd5 19.Bc2 b6 20.Qg4 e4 21.Rad1 Qc7 22.Bb3 Rf5
23.Rd2 Qc3 24.Red1 Qxb4 25.Bd4 Rc8 26.Qe2 Bxd4 27.Rxd4 Qc5 28.g4 Re5 29.Qd2 Rf8
30.Qxh6 Rxe6 31.Qg5 Kg7 32.Bxd5 Nc6 33.R4d2 Ne5 34.Qe3 Nf3+ 35.Kg2 Qxe3 36.fxe3 Rd6
37.Rc2 Rfd8 38.Rc7+ Kf6 39.Bxe4 Nh4+ 40.Kg3 Rxd1 41.Kxh4 g5+ 42.Kg3 R8d7
43.Rc6+ R7d6 44.Rc3 Rg1+ 45.Kf3 Ke5 46.Bf5 Rh6 47.Rc7 Rh3+ 48.Kf2 Rh1 49.Rxa7 R1xh2+
50.Kg1 Rb2 51.Re7+ Kf6 52.Re6+ Kf7 53.a4 Rg3+ 54.Kf1 Rf3+ 55.Kg1 Rh3 56.Re5 Rhh2
57.Rb5 Rxb5 58.axb5 Rb2 59.Bd7 Ke7 60.Bc6 Kd6 61.Kf1 Kc5  0-1

[Event "4th ch-Arab"]
[Site "Beirut LEB"]
[Date "2000.08.13"]
[Round "8"]
[White "Al Ghasra,A"]
[Black "Bintafrit,S"]
[Result "0-1"]
[WhiteElo "2205"]
[BlackElo "2285"]

1.d4 Nf6 2.c4 g6 3.Nc3 Bg7 4.e4 d6 5.Nf3 O-O 6.Be2 e5 7.O-O Nc6 8.d5 Ne7
9.b4 c6 10.a4 a5 11.Ba3 axb4 12.Bxb4 c5 13.Ba3 Nh5 14.Re1 Nf4 15.Bc1 f5 16.Bf1 fxe4
17.Nxe4 Bg4 18.Ra3 h6 19.h3 Bc8 20.g4 Ra6 21.Bd2 Bd7 22.a5 Qc8 23.Nh2 Qc7
24.Qc2 g5 25.Qb2 Be8 26.Rb3 Ra7 27.Rb1 Bg6 28.Rxb7 Rxb7 29.Qxb7 Nexd5 30.Qxc7 Nxc7
31.f3 Bxe4 32.fxe4 Ra8 33.Rb6 Bf8 34.Nf3 Be7 35.Bc3 Kf7 36.Ne1 Ke8 37.Nc2 Kd7
38.Ne3 Ra7 39.Nf5 Bf8 40.Kf2 Nce6 41.Ne3 Kc7 42.Nd5+ Nxd5 43.cxd5 Nd4 44.Ba6 Be7
45.Bd3 Bd8 46.Bxd4 exd4 47.Rc6+ Kd7 48.a6 Ke7 49.Ke2 Bc7 50.e5 dxe5 51.Rxh6 Ra8
52.Re6+ Kf7 53.Rc6 Ra7 54.Kf3 Ke7 55.Ke4 Bd6 56.Kf5 Ra8 57.Kxg5 e4 58.Bxe4 Rg8+
59.Bg6 d3 60.Rb6 d2 61.Rb1 c4 62.Kh6 Rh8+ 63.Kg5 Rg8 64.a7 Bc5 65.Ra1 Kd6
66.Kh6 Bxa7 67.Bc2 Bd4 68.Ra6+ Kxd5 69.Ra5+ Kd6 70.g5 Rh8+ 71.Kg6 Rxh3 72.Kf7 Rf3+
73.Kg8 Rc3 74.Bd1 Rc1 75.Bf3 d1=Q 76.Bxd1 Rxd1 77.g6 c3 78.Ra6+ Ke7 79.Rc6 Rg1
80.Rc7+ Kd6  0-1

[Event "Lost Boys Open"]
[Site "Amsterdam NED"]
[Date "2000.08.14"]
[Round "4"]
[White "Werle,J"]
[Black "Stellwagen,D"]
[Result "1/2-1/2"]
[WhiteElo "2311"]
[BlackElo "2285"]

1.Nf3 Nf6 2.c4 g6 3.Nc3 Bg7 4.e4 d6 5.d4 O-O 6.Be2 e5 7.O-O Nc6 8.d5 Ne7
9.b4 a5 10.Ba3 Nh5 11.c5 axb4 12.Bxb4 Nf4 13.cxd6 cxd6 14.Nd2 f5 15.Nc4 Ra6
16.Bf3 g5 17.exf5 Nxf5 18.Bg4 Qc7 19.Nb2 e4 20.Rc1 e3 21.Bxf5 exf2+ 22.Rxf2 Bxf5
23.a3 Qd7 24.Qd2 b5 25.Rcf1 Raa8 26.Ne2 Nxe2+ 27.Rxe2 Bg4 28.Ree1 h6 29.Nd1 Rxf1+
30.Rxf1 Re8  1/2-1/2

[Event "Lost Boys Open"]
[Site "Amsterdam NED"]
[Date "2000.08.15"]
[Round "5"]
[White "Epishin,V"]
[Black "Shchekachev,A"]
[Result "0-1"]
[WhiteElo "2567"]
[BlackElo "2503"]

1.d4 Nf6 2.c4 g6 3.Nc3 Bg7 4.e4 d6 5.Nf3 O-O 6.Be2 e5 7.O-O Nc6 8.d5 Ne7
9.b4 Nh5 10.Qc2 a5 11.bxa5 Rxa5 12.Re1 f5 13.exf5 Nxf5 14.Bg5 Qd7 15.Rad1 h6
16.Bd2 Nf4 17.Bxf4 exf4 18.Nb5 g5 19.h3 Qd8 20.Qd2 Ra4 21.Bd3 c6 22.Bxf5 Bxf5
23.Nbd4 cxd5 24.Ne6 Bxe6 25.Rxe6 dxc4 26.Qc2 Qa5 27.Rdxd6 Rxa2 28.Qxc4 Ra1+
29.Re1+ Kh8 30.Rxa1 Qxa1+ 31.Kh2 Qb2 32.Qc5 Kh7 33.Rb6 Qc3 34.Qe7 Qc2 35.Rxb7 Rg8
36.Ne5 Qxf2 37.Ng4 Qg3+ 38.Kh1 f3 39.Qe4+ Kh8 40.Qxf3 Qe1+ 41.Kh2 Bd4 42.h4 Qg1+
43.Kg3 Qe1+ 44.Kh2 Bg1+ 45.Kh1 Bf2+ 46.Kh2 Qg1+  0-1

[Event "Lost Boys Open"]
[Site "Amsterdam NED"]
[Date "2000.08.16"]
[Round "6"]
[White "Peek,Mar"]
[Black "Schmaltz,R"]
[Result "1-0"]
[WhiteElo "2299"]
[BlackElo "2523"]

1.d4 g6 2.Nf3 Bg7 3.e4 d6 4.c4 Nf6 5.Nc3 O-O 6.Be2 e5 7.O-O Nc6 8.d5 Ne7
9.b4 a5 10.Ba3 axb4 11.Bxb4 b6 12.a4 Ne8 13.Nb5 f5 14.Nd2 Kh8 15.Qb3 Bh6
16.Qb2 Nf6 17.f4 Bxf4 18.Rxf4 exf4 19.Bc3 Ng8 20.e5 dxe5 21.Bxe5 Rf7 22.Nf3 Rb8
23.Nfd4 Rb7 24.Nc6 Qe8 25.Bf3 g5 26.Bh5 Qf8 27.Bxf7 Qxf7 28.Nd8  1-0

[Event "Lost Boys Open"]
[Site "Amsterdam NED"]
[Date "2000.08.16"]
[Round "6"]
[White "Blees,A"]
[Black "David,Alb"]
[Result "1/2-1/2"]
[WhiteElo "2389"]
[BlackElo "2487"]

1.d4 Nf6 2.c4 g6 3.Nc3 Bg7 4.e4 d6 5.Nf3 O-O 6.Be2 e5 7.O-O Nc6 8.d5 Ne7
9.Bg5 Nh5 10.Ne1 Nf4 11.Nd3 Nxe2+ 12.Qxe2 h6 13.Be3 f5 14.f3 g5 15.c5 Ng6
16.cxd6 cxd6 17.exf5 Nf4 18.Nxf4 exf4 19.Bf2 a6 20.Qd2 Bxf5 21.Ne2 Re8 22.Nd4 Qd7
23.Rfe1 Qf7 24.Qb4 Bxd4 25.Qxd4 Rxe1+ 26.Bxe1 Re8 27.Bc3 Kh7 28.h3 Kg6 29.Rc1 Kh5
30.h4 Re2 31.hxg5 hxg5 32.Kf1 Re3 33.Qh8+ Kg6 34.Qd8 Bd3+ 35.Kg1 Qe7 36.Qg8+ Kf5
37.Bg7 Qe8 38.Qh7+ Qg6 39.Qh8 Re8 40.Bf8 g4 41.fxg4+ Kxg4 42.Rc7 Re1+ 43.Kh2 Qh5+
44.Qxh5+ Kxh5 45.Bxd6 Be4 46.Bxf4 Kg4 47.Bd2 Re2 48.Rg7+ Kf5 49.Bc3 Bxd5
50.a3 Re6 51.Rf7+ Kg6 52.Rd7 Bc6 53.Rd8 Kf7 54.Rh8 Rg6 55.g3 Rg8 56.Rh6 Rg6
57.Rh4 Re6 58.Kh3 Kg6 59.Rg4+ Kf5 60.Rf4+ Kg5 61.Bd2 Kg6 62.Rf2 Re4 63.g4 Bd7
64.Bf4 Rd4 65.Rf1 Bb5 66.Rf2 Bd7 67.Kh4 Be6 68.Re2 Bc4  1/2-1/2